Cambio climático en la República Dominicana : (Registro nro. 13574)

Detalles MARC
000 -LEADER
fixed length control field 00934nam a2200253 a 4500
001 - CONTROL NUMBER
control field
003 - CONTROL NUMBER IDENTIFIER
control field DO-SdBNP
005 - DATE AND TIME OF LATEST TRANSACTION
control field 20210716111820.0
008 - FIXED-LENGTH DATA ELEMENTS--GENERAL INFORMATION
fixed length control field 180321s2015 dr a 000 0 spa d
020 ## - INTERNATIONAL STANDARD BOOK NUMBER
International Standard Book Number 9789945590296
040 ## - CATALOGING SOURCE
Original cataloging agency BPMSU
Language of cataloging spa
Transcribing agency BPMSU
082 ## - DEWEY DECIMAL CLASSIFICATION NUMBER
Classification number 551.460097293
Item number R788c 2015
Edition number 22
100 1# - MAIN ENTRY--PERSONAL NAME
Personal name Rosa, Mat
245 10 - TITLE STATEMENT
Title Cambio climático en la República Dominicana :
Remainder of title recursos costeros y comunidades /
Statement of responsibility, etc. Matt Rosa y Hillary Lohmann.
260 ## - PUBLICATION, DISTRIBUTION, ETC. (IMPRINT)
Place of publication, distribution, etc. Santo Domingo :
Name of publisher, distributor, etc. FUNGLODE,
Date of publication, distribution, etc. 2015.
300 ## - PHYSICAL DESCRIPTION
Extent 121 p. :
Other physical details il., mapas, gráf. ;
Dimensions 21 cm.
490 0# - SERIES STATEMENT
Series statement Estudios y reflexiones. Medio ambiente
590 ## - LOCAL NOTE (RLIN)
Local note Inventariado,2021/VM
650 #4 - SUBJECT ADDED ENTRY--TOPICAL TERM
Topical term or geographic name as entry element Cambios climáticos
Geographic subdivision República Dominicana, Costa Oceano Atlántico
650 #4 - SUBJECT ADDED ENTRY--TOPICAL TERM
Topical term or geographic name as entry element Manejo de zonas costeras
Geographic subdivision República Dominicana, Costa Oceano Atlántico
710 2# - ADDED ENTRY--CORPORATE NAME
Corporate name or jurisdiction name as entry element Fundación Global Democracía y Desarrollo (Repùblica Dominicana)
910 ## - USER-OPTION DATA (OCLC)
User-option data VMateo V
942 ## - ADDED ENTRY ELEMENTS (KOHA)
Source of classification or shelving scheme Dewey Decimal Classification
Koha item type Libros
Existencias
Withdrawn status Lost status Source of classification or shelving scheme Damaged status Not for loan Home library Current library Date acquired Total Checkouts Full call number Barcode Date last seen Price effective from Koha item type
    Dewey Decimal Classification     Biblioteca Pública Metropolitana Salomé Ureña Biblioteca Pública Metropolitana Salomé Ureña 07/16/2021   BPMSU CD 551.460097293 R788c 2015 BPMSU21070006 07/16/2021 07/16/2021 Libros